| 000 | 02087nam a2200361 a 4500 | ||
|---|---|---|---|
| 999 |
_c2739 _d2739 |
||
| 006 | m|||||o||d 00| 0 | ||
| 007 | cr || ||a|| | ||
| 008 | 200122t20192019fluab ob 101 0 eng d | ||
| 020 |
_qebook _a9780429341939 |
||
| 040 |
_aKO _beng |
||
| 041 | 0 | _aeng | |
| 044 | _aenk | ||
| 082 | 0 | 4 |
_223 _a623.893 23 |
| 111 | 2 |
_aInternational Conference on Marine Navigation and Safety of Sea Transportation _n(13th : _d2019 : _cGdynia, Poland), |
|
| 245 | 1 | 0 |
_aAdvances in marine navigation and safety of sea transportation / _ceditors Adam Weintrit & Tomasz Neumann, Gdynia Maritime University, Gdynia, Poland. |
| 260 |
_aLondon ; _bRoutledge, Taylor & Francis Group, _c2019 |
||
| 300 | _a1 online resource. | ||
| 500 | _a"A Balkema book." | ||
| 500 | _aPapers presented at the 13th International Conference TransNav 2019 on Marine Navigation and Safety of Sea Transportation held in Gdynia, Poland, June 12-14, 2019. | ||
| 504 | _aIncludes bibliographical references and index. | ||
| 520 | _a"This volume contains a selection of papers presented at the 13th International Conference on Marine Navigation and Safety of Sea Transport and is addressed to scientists and professionals in order to share their expert knowledge, experience and research results concerning all aspects of navigation, safety of navigation and sea transportation. The thirteen edition of the most innovative world conference on maritime transport research is designed to find solutions to challenges in waterborne transport, navigation and shipping, mobility of people and goods with respect to energy, infrastructure, environment, safety and security as well as to economic issues."-- | ||
| 650 | 0 |
_aElectronics in navigation _vCongresses. |
|
| 650 | 0 |
_aNautical instruments _vCongresses. |
|
| 650 | 0 |
_aAids to navigation _vCongresses. |
|
| 650 | 0 |
_aShipping _xSafety measures _vCongresses. |
|
| 700 | 1 |
_aWeintrit, Adam, _eedt |
|
| 700 | 1 |
_aNeumann, Tomasz, _eedt |
|
| 856 | 4 | 0 | _uhttp://www.taylorfrancis.com/books/9780429341939 |
| 904 | _aRUDRA_R | ||
| 905 | _aR_RANJAN | ||
| 942 | _cEB | ||